000 nam a22 7a 4500
999 _c10199
_d10199
008 180213b ||||| |||| 00| 0 eng d
100 _aNCERT
_96196
245 _aSocial Science-VI
260 _aNew Delhi
_bNCERT
_c2006